Condiciones que rigen en el mercado para la venta y financiamiento de vivienda en los sectores público y privado

Uloženo v:
Podrobná bibliografie
Korporativní autor: Instituto Nacional de Vivienda y Urbanismo (Costa Rica)
Médium: Text
Vydáno: San José: El Instituto
Tagy: Přidat tag
Žádné tagy, Buďte první, kdo vytvoří štítek k tomuto záznamu!

MARC

LEADER 00000 a a2200000 04500
001 14413
003
040
090 |a 027200  
110 |a Instituto Nacional de Vivienda y Urbanismo (Costa Rica)  
245 |a Condiciones que rigen en el mercado para la venta y financiamiento de vivienda en los sectores público y privado  
260 |a San José:   |b El Instituto  
300 |a 16 p.  
999 |c 11993  |d 11993